Datum a čas kvízu
30
Celkem bodů
Celkový počet nahraných bodů na tomto kvízu bez doplňovacích otázek.
2.
Pořadí na kvízu
Konečné umístění týmu na tomto kvízu.
Zaznamenané odpovědi
| # | Otázka | Odpověď | Body | Výsledky |
|---|---|---|---|---|
| 1. | V médiích se minulý týden hojn... | Michal Hašek | 0 | |
| 2. | Italské letovisko, které je ob... | Bibione | 1 | |
| 3. | V Křižíkově pavilonu v pražský... | Pixar | 1 | |
| 4. | Společnost Coca-Cola přichází... | pomerančová | 1 | |
| 5. | Jak se jmenuje historicky prvn... | Petra Vlhová | 0 | |
| 6. | Dlouhé názvy filmů byly v módě... | dobrodružství vojáka Ivana | 0 | |
| 5. | Francouzsko - španělská komedi... | budeme zlí | 1 | |
| 5. | Rodinná komedie, kde se objevi... | žádné holce neopustil | 1 | |
| 5. | V roce 1981 natočil režisér Mi... | Matěji, proč | 1 | |
| 5. | Doplňte dvě slova do názvu fil... | v Belgii | 0 |